000 00695nam a2200229Ia 4500
003 IIN
005 20250526121006.0
008 250526s2024 xx ad 001 0 eng d
020 _cRs.2349.00
_a9789393553379
040 _aIIN
_bEnglish
082 _a615.1
_bWHA
245 1 _aLippincott Illustrated Reviews:
_bPharmacology/
_cedited by Karen Whalen, Sangeeta Sharma & Dinesh K Badyal
250 _a2nd ed
_bSouth Edition
260 _bWolters Kluwer
_aNew Delhi
_c2024
300 _axix, 1092 p.
_bcol. ill.
500 _aIncludes Index
650 1 _aPharmacology
700 _aWhalen, Karen (ed)
700 _aSharma, Sangeeta (ed)
700 _aBadyal, Dinesh K. (ed)
942 _cBOOK
999 _c1839
_d1839